Effect of meaningfulness in life and stress resilience on mental health of Punjab police personnel (Record no. 98935)

000 -LEADER
fixed length control field 00541pab a2200193 454500
008 - FIXED-LENGTH DATA ELEMENTS--GENERAL INFORMATION
fixed length control field 180718b2013 xxu||||| |||| 00| 0 eng d
100 ## - MAIN ENTRY--PERSONAL NAME
Personal name Vidhu Mohan
245 ## - TITLE STATEMENT
Title Effect of meaningfulness in life and stress resilience on mental health of Punjab police personnel
260 ## - PUBLICATION, DISTRIBUTION, ETC.
Date of publication, distribution, etc. 2013
300 ## - PHYSICAL DESCRIPTION
Extent p.139-149.
362 ## - DATES OF PUBLICATION AND/OR SEQUENTIAL DESIGNATION
Dates of publication and/or sequential designation Jan-Mar
650 ## - SUBJECT ADDED ENTRY--TOPICAL TERM
Topical term or geographic name entry element Mental health - India - Punjab
650 ## - SUBJECT ADDED ENTRY--TOPICAL TERM
Topical term or geographic name entry element Police - India - Punjab
650 ## - SUBJECT ADDED ENTRY--TOPICAL TERM
Topical term or geographic name entry element Police
700 ## - ADDED ENTRY--PERSONAL NAME
Personal name Kaur, Manpreet
773 ## - HOST ITEM ENTRY
Main entry heading Indian Police Journal
908 ## - PUT COMMAND PARAMETER (RLIN)
Put command parameter N
909 ## -
-- 98936
Holdings
Withdrawn status Lost status Damaged status Not for loan Permanent Location Current Location Date acquired Serial Enumeration / chronology Barcode Date last seen Price effective from Koha item type
        Indian Institute of Public Administration Indian Institute of Public Administration 2018-07-19 Volume no: 60, Issue no: 1 AR99396 2018-07-19 2018-07-19 Articles

Powered by Koha